Soznam členov Advokátskej komory pre Slovensko v Turčianskom Svätom Martine, Kmeťovo námestie č. 490., telefon č. 91

Bibliographic Details
Format: Book
Language:Slovak
PhysicalDescription:30 strán 23 cm
Published: Turčiansky Svätý Martin [vydavateľ nie je známy] 1927
Subjects:

MARC

LEADER 00000cam a2200000 a 4500
001 vtls008397754
003 SK-MaSNL
005 20260425235215.0
008 180812s1927 xo grf 000 0 slo
015 |a SNBA19191938-011446 
020 |q (brožované) 
035 |a SK01SNKBSKHR20010089971 
035 |a SKM000092434 
040 |a SNK  |b slo  |c SNK  |e AACR2 
041 0 |a slo 
043 |a e-xo--- 
044 |a xo  |c SK 
072 7 |a 347.9  |x Občianske súdne konanie. Súdnictvo  |2 konspekt 
072 7 |a 06  |x Organizácie všeobecnej povahy  |2 konspekt 
080 |a (437.6)  |2 2011 
080 |a (083.8)  |2 2011 
080 |a (035)  |2 2011 
080 |a 347.965.8  |2 2001 
080 |a 06-057.95  |2 2011 
245 0 0 |a Soznam členov Advokátskej komory pre Slovensko v Turčianskom Svätom Martine, Kmeťovo námestie č. 490., telefon č. 91 
260 |a Turčiansky Svätý Martin  |b [vydavateľ nie je známy]  |c 1927 
300 |a 30 strán  |c 23 cm 
500 |a V knihe neuvedený názov vydavateľa 
500 |a Názov z obalu 
610 2 7 |a Advokátska komora (Martin, Slovensko)  |2 SNKKA  |9 240427 
650 0 7 |a advokátske komory  |2 SNKPH  |9 111957 
650 0 7 |a členovia inštitúcií a organizácií  |2 SNKPH  |9 120228 
651 7 |a Martin (Slovensko)  |2 SNKPHgeo  |9 16875 
655 7 |a zoznamy  |2 SNKPH  |9 29645 
655 7 |a príručky  |2 SNKPH  |9 74364 
852 |a Slovenská národná knižnica 
954 |a odborná, vedecká literatúra pôvodná (slovenská)  |2 lita 
958 |a RK 
958 |a TL 
958 |a ONDV 
999 |c 823039  |d 824969 
952 |a SNK  |b SNK  |y PREZ  |7 0  |p 17A0714424  |o snkSC 381/6  |i snk791/28  |0 0  |1 0  |4 0  |d 2024-02-07  |f 1  |l 0  |r 2025-05-27 00:00:00  |w 2026-02-24 
952 |a SNK  |b SNK  |y VYP  |7 0  |p 17A0761319  |o snkSC 381/6 D2  |i snkF 2667/70  |8 5  |0 0  |1 0  |4 0  |d 2011-12-13  |l 0  |r 2026-02-24 03:12:42  |w 2026-02-24 
952 |a SNK  |b SNK  |y VYP  |7 0  |p 17A0761318  |o snkSC 381/6 D1  |i snkF 603/67  |8 5  |0 0  |1 0  |4 0  |d 2011-12-13  |l 0  |r 2026-02-24 03:12:42  |w 2026-02-24